000
00280nam a22001217a 4500
008
181107b xxu||||| |||| 00| 0 eng d
041
_a
eng
080
_a
610
100
_a
4
101
_a
SHM
245
_a
A Philosophical Basis of Medical Practice
_c
Pellegrino
942
_2
udc
_c
BK
999
_c
52240
_d
52240